[Event "Barcelona Sants op 21st"]
[Site "Barcelona"]
[Date "2019.08.24"]
[Round "2"]
[White "Valdes Romero, Leonardo"]
[Black "Montilla Carrillo, Esteban"]
[Result "1/2-1/2"]
[WhiteElo "2397"]
[BlackElo "2174"]
[PlyCount "96"]
[EventDate "2019.08.23"]
[EventType "swiss"]
[EventRounds "10"]
[EventCountry "ESP"]
[SourceTitle "EXT 2020"]
[Source "ChessBase"]
[SourceDate "2019.10.17"]
[SourceVersion "1"]
[SourceVersionDate "2019.10.17"]
[SourceQuality "1"]

1. Nf3 d5 2. g3 Nf6 3. Bg2 e6 4. d4 c5 5. 0-0 Nc6 6. a3 cxd4 7. Nxd4 Bc5 8. Nxc6 bxc6 9. b4 Be7 10. c4 0-0 11. Bb2 a5 12. c5 axb4 13. axb4 Rxa1 14. Bxa1 Ba6 15. Nc3 Qc7 16. Qc2 Ra8 17. Rb1 Bc4 18. e3 h6 19. Bf1 Bxf1 20. Kxf1 Nd7 21. Ne2 e5 22. Kg2 g6 23. Bc3 Bf8 24. Qb2 Bg7 25. Ra1 Qb7 26. Nc1 Rb8 27. Nb3 Qb5 28. Ra7 Rd8 29. Na5 f6 30. Rb7 Qa6 31. Qc2 e4 32. Rc7 Nb8 33. Qb2 Rd7 34. Rxd7 Nxd7 35. Bd4 Qb5 36. Qc3 Kf7 37. h4 h5 38. Qa1 Ne5 39. Bxe5 fxe5 40. Qc3 Ke6 41. Qc2 Bf6 42. Qd2 Bd8 43. Qc3 Bc7 44. Qa3 Kd7 45. Qc3 Qe2 46. Qa1 Qb5 47. Qa3 Kc8 48. Qa1 Kd7 1/2-1/2

[Event "Catalunya-ch"]
[Site "Vila Seca"]
[Date "2019.04.21"]
[Round "6"]
[White "Oratovsky, Michael"]
[Black "Montilla Carrillo, Esteban"]
[Result "1-0"]
[WhiteElo "2455"]
[BlackElo "2178"]
[PlyCount "77"]
[EventDate "2019.04.18"]
[EventType "swiss"]
[EventRounds "8"]
[EventCountry "ESP"]
[SourceTitle "CBM 189 Extra"]
[Source "ChessBase"]
[SourceDate "2019.06.03"]
[SourceVersion "1"]
[SourceVersionDate "2019.06.03"]
[SourceQuality "1"]

1. e4 c5 2. Nf3 d6 3. Bb5+ Nd7 4. 0-0 Ngf6 5. Re1 a6 6. Bf1 e6 7. c3 Be7 8. d4 Qc7 9. e5 dxe5 10. dxe5 Nd5 11. Qa4 Rb8 12. Qg4 Kf8 13. Qg3 b5 14. h4 c4 15. Nbd2 Nc5 16. h5 h6 17. Ne4 Bb7 18. Nd6 Rd8 19. Nxb7 Qxb7 20. Nd4 Rg8 21. Qf3 Ke8 22. b3 cxb3 23. axb3 b4 24. c4 Nc7 25. Qxb7 Nxb7 26. Nc6 Rc8 27. g3 Kd7 28. Bg2 Bc5 29. Rd1+ Ke8 30. Bd2 Nd8 31. Nxb4 Bd4 32. Ra5 Rb8 33. Be1 Bb6 34. Ra4 a5 35. Nc6 Nxc6 36. Bxc6+ Kf8 37. Bxa5 g6 38. Bb4+ Kg7 39. Bd6 1-0

[Event "Catalunya-ch"]
[Site "Vila Seca"]
[Date "2019.04.20"]
[Round "5"]
[White "Montilla Carrillo, Esteban"]
[Black "Ruiz Herrero, Victor"]
[Result "1-0"]
[WhiteElo "2178"]
[BlackElo "1924"]
[PlyCount "77"]
[EventDate "2019.04.18"]
[EventType "swiss"]
[EventRounds "8"]
[EventCountry "ESP"]
[SourceTitle "CBM 189 Extra"]
[Source "ChessBase"]
[SourceDate "2019.06.03"]
[SourceVersion "1"]
[SourceVersionDate "2019.06.03"]
[SourceQuality "1"]

1. d4 Nf6 2. Nf3 g6 3. g3 Bg7 4. Bg2 0-0 5. 0-0 d6 6. c4 Nc6 7. Nc3 a6 8. Re1 Rb8 9. e4 Bg4 10. h3 Bxf3 11. Bxf3 e5 12. d5 Nd4 13. Bg2 c5 14. dxc6 bxc6 15. b3 c5 16. Be3 Ne8 17. Qd2 Nc7 18. Rad1 Qe7 19. g4 f6 20. f4 Bh6 21. f5 Bxe3+ 22. Rxe3 g5 23. h4 h6 24. Rh3 Kg7 25. Kf2 Rh8 26. Rdh1 Qd7 27. R1h2 Rbg8 28. Qd1 Qc8 29. Qh1 Qb8 30. hxg5 Qb4 31. g6 Qa3 32. Qb1 Rb8 33. Rxh6 Rxh6 34. Rxh6 Nxb3 35. Rh7+ Kg8 36. Rh8+ Kg7 37. Rxb8 Na5 38. Qb2 Qxb2+ 39. Rxb2 1-0

[Event "Catalunya-chT Gp2"]
[Site "Barcelona"]
[Date "2018.03.03"]
[Round "7.6"]
[White "Fernandez Madrid, Carlos"]
[Black "Montilla Carrillo, Esteban"]
[Result "0-1"]
[WhiteElo "2038"]
[BlackElo "2233"]
[PlyCount "68"]
[EventDate "2018.01.20"]
[EventType "team-tourn"]
[EventRounds "7"]
[EventCountry "ESP"]
[SourceTitle "EXT 2019"]
[Source "ChessBase"]
[SourceDate "2018.10.10"]
[SourceVersion "1"]
[SourceVersionDate "2018.10.10"]
[SourceQuality "1"]
[WhiteTeam "Sant Josep de Badalona"]
[BlackTeam "Mollet"]
[WhiteTeamCountry "ESP"]
[BlackTeamCountry "ESP"]

1. d4 d5 2. c4 e6 3. Nc3 f5 4. Bf4 Nf6 5. e3 Be7 6. Bd3 c6 7. h3 0-0 8. Qc2 Ne4 9. cxd5 exd5 10. Nge2 Be6 11. f3 Nxc3 12. bxc3 Nd7 13. g4 Bh4+ 14. Kd2 Qf6 15. Rag1 Rae8 16. g5 Qe7 17. Rg2 b5 18. Qb3 a6 19. Rb1 c5 20. Bc2 Nb6 21. Rbg1 Nc4+ 22. Kc1 Bc8 23. e4 fxe4 24. fxe4 cxd4 25. cxd4 dxe4 26. d5 Qc5 27. Rd1 Bf2 28. d6 Bd7 29. Bd2 a5 30. Bxa5 Rf3 31. Nc3 Kh8 32. Nxe4 Be3+ 33. Bd2 Rxe4 34. Bxe4 Nxd2+ 0-1

[Event "Catalunya-chT Gp2"]
[Site "Barcelona"]
[Date "2018.01.27"]
[Round "2.5"]
[White "Alonso Moyano, Jonathan"]
[Black "Montilla Carrillo, Esteban"]
[Result "1-0"]
[WhiteElo "2411"]
[BlackElo "2233"]
[PlyCount "81"]
[EventDate "2018.01.20"]
[EventType "team-tourn"]
[EventRounds "7"]
[EventCountry "ESP"]
[SourceTitle "CBM 182 Extra"]
[Source "ChessBase"]
[SourceDate "2018.02.23"]
[SourceVersion "1"]
[SourceVersionDate "2018.02.23"]
[SourceQuality "1"]
[WhiteTeam "Barbera"]
[BlackTeam "Mollet"]
[WhiteTeamCountry "ESP"]
[BlackTeamCountry "ESP"]

1. e4 c5 2. Nf3 d6 3. d4 cxd4 4. Nxd4 Nf6 5. Nc3 a6 6. h3 e5 7. Nde2 Be7 8. g4 h6 9. Bg2 Nc6 10. Be3 Be6 11. Ng3 g6 12. Nd5 Bxd5 13. exd5 Na5 14. b3 h5 15. g5 Nd7 16. h4 b5 17. Ne4 Nb7 18. 0-0 Qc7 19. b4 Nb6 20. Bxb6 Qxb6 21. Bh3 0-0 22. Qf3 a5 23. a3 Ra7 24. Qe3 Qxe3 25. fxe3 Rfa8 26. Rac1 axb4 27. axb4 Ra4 28. c3 Na5 29. Bd7 Rb8 30. Ra1 Rxa1 31. Rxa1 Nc4 32. Kf2 Bd8 33. Ke2 Bb6 34. Bxb5 Nxe3 35. Nf6+ Kg7 36. Nd7 Rb7 37. Bc6 Ra7 38. Nxb6 Rxa1 39. Kxe3 f5 40. gxf6+ Kxf6 41. Nc8 1-0

[Event "EU-ch rapid"]
[Site "Katowice"]
[Date "2017.12.16"]
[Round "4"]
[White "Montilla Carrillo, Esteban"]
[Black "Sergeev, Vladimir"]
[Result "0-1"]
[WhiteElo "2233"]
[BlackElo "2406"]
[PlyCount "148"]
[EventDate "2017.12.16"]
[EventType "swiss (rapid)"]
[EventRounds "11"]
[EventCountry "POL"]
[SourceTitle "CBM 182 Extra"]
[Source "ChessBase"]
[SourceDate "2018.02.23"]
[SourceVersion "1"]
[SourceVersionDate "2018.02.23"]
[SourceQuality "1"]

1. d4 d6 2. e4 Nf6 3. Nc3 Nbd7 4. Bc4 c6 5. Bb3 e5 6. Nf3 Be7 7. 0-0 0-0 8. Re1 b5 9. a3 a6 10. Bg5 h6 11. Bh4 Nh5 12. Bxe7 Qxe7 13. dxe5 dxe5 14. Nd2 Nf4 15. Nf1 Nc5 16. Ba2 Rd8 17. Qf3 Nce6 18. Bxe6 Nxe6 19. Qg3 Nd4 20. Ne3 Qf6 21. Na2 Be6 22. Nb4 Qf4 23. f3 a5 24. Nd3 Qxg3 25. hxg3 Nxc2 26. Nxc2 Rxd3 27. Re2 c5 28. Ne3 c4 29. Rc1 Rc8 30. Kf2 Kf8 31. Rec2 Rb3 32. g4 Rd8 33. Ke2 Rdd3 34. Nf1 Rd4 35. Nd2 Rbd3 36. Ke1 Ke7 37. a4 c3 38. bxc3 Rxa4 39. Rb1 Bd7 40. Nb3 Rc4 41. Nxa5 Rcxc3 42. Rcb2 Rd4 43. Nb3 Rb4 44. Kd2 Rc8 45. Nc1 Rd4+ 46. Nd3 Kf6 47. Rb3 Be6 48. Ra3 Bc4 49. Ke3 Bxd3 50. Rxd3 Rxd3+ 51. Kxd3 Rc5 52. g3 Kg5 53. Rb3 f6 54. Ke3 Kg6 55. Kd3 Kf7 56. Ke3 Ke6 57. Kd3 Kd6 58. Rb1 Kc6 59. Rb2 Kb6 60. Rb1 Rc4 61. f4 Kc5 62. fxe5 fxe5 63. Ra1 Rd4+ 64. Ke3 b4 65. Ra5+ Kc4 66. Rxe5 Rd3+ 67. Kf4 b3 68. Re7 b2 69. Rc7+ Kb3 70. Rb7+ Kc2 71. Rxb2+ Kxb2 72. e5 Kc3 73. e6 Kd4 74. Kf5 Re3 0-1

[Event "EU-ch blitz"]
[Site "Katowice"]
[Date "2017.12.15"]
[Round "5"]
[White "Montilla Carrillo, Esteban"]
[Black "Kantans, Toms"]
[Result "0-1"]
[WhiteElo "2233"]
[BlackElo "2484"]
[PlyCount "86"]
[EventDate "2017.12.15"]
[EventType "swiss (blitz)"]
[EventRounds "22"]
[EventCountry "POL"]
[SourceTitle "CBM 182 Extra"]
[Source "ChessBase"]
[SourceDate "2018.02.23"]
[SourceVersion "1"]
[SourceVersionDate "2018.02.23"]
[SourceQuality "1"]

1. Nf3 Nf6 2. c4 c5 3. Nc3 Nc6 4. g3 g6 5. Bg2 Bg7 6. 0-0 0-0 7. d3 b6 8. e4 Bb7 9. h3 d6 10. a3 h6 11. Rb1 Ne8 12. Be3 Rc8 13. Qd2 Kh7 14. b4 Nc7 15. bxc5 dxc5 16. Bxc5 bxc5 17. Rxb7 Rb8 18. Rfb1 Rxb7 19. Rxb7 Qc8 20. Rb1 Rd8 21. Bf1 Ne6 22. Nd5 Ned4 23. Nxd4 Nxd4 24. Qf4 e6 25. Ne7 Qd7 26. Qxf7 Qe8 27. Qxe8 Rxe8 28. Nd5 exd5 29. cxd5 Re7 30. f4 g5 31. Kg2 Rf7 32. fxg5 hxg5 33. Rc1 Nb3 34. Rb1 Nd2 35. Rd1 Nb3 36. Be2 Bd4 37. Bf3 Kg7 38. h4 gxh4 39. gxh4 Kf6 40. Kf1 Ke5 41. Ke2 Bc3 42. Rb1 Nd4+ 43. Ke3 Rxf3# 0-1

[Event "EU-ch blitz"]
[Site "Katowice"]
[Date "2017.12.15"]
[Round "9"]
[White "Montilla Carrillo, Esteban"]
[Black "Reichmann, Hendrik"]
[Result "1-0"]
[WhiteElo "2233"]
[BlackElo "2337"]
[PlyCount "79"]
[EventDate "2017.12.15"]
[EventType "swiss (blitz)"]
[EventRounds "22"]
[EventCountry "POL"]
[SourceTitle "CBM 182 Extra"]
[Source "ChessBase"]
[SourceDate "2018.02.23"]
[SourceVersion "1"]
[SourceVersionDate "2018.02.23"]
[SourceQuality "1"]

1. Nf3 c5 2. c4 g6 3. Nc3 Bg7 4. g3 Nc6 5. Bg2 d6 6. 0-0 e5 7. e3 Nge7 8. d4 Bg4 9. dxe5 dxe5 10. h3 Be6 11. Qe2 Qb6 12. Ng5 Bf5 13. g4 Bd7 14. Rd1 Rd8 15. Nd5 Nxd5 16. cxd5 Ne7 17. b3 h6 18. Ne4 f5 19. Ng3 0-0 20. Bb2 Qd6 21. gxf5 gxf5 22. Nh5 Be8 23. Nxg7 Kxg7 24. f4 Ng6 25. fxe5 Nxe5 26. Qf2 Kh7 27. Qc2 Bg6 28. Qc3 Rde8 29. Kh1 b6 30. Rf1 Rf7 31. Rf4 Nd7 32. Raf1 Qe5 33. e4 Qxc3 34. Bxc3 Ref8 35. e5 Nb8 36. e6 Re7 37. Re1 Rd8 38. Bf6 Rde8 39. Bxe7 Rxe7 40. d6 1-0

[Event "EU-ch blitz"]
[Site "Katowice"]
[Date "2017.12.15"]
[Round "12"]
[White "Montilla Carrillo, Esteban"]
[Black "Wieczorek, Oskar"]
[Result "1/2-1/2"]
[WhiteElo "2233"]
[BlackElo "2463"]
[PlyCount "70"]
[EventDate "2017.12.15"]
[EventType "swiss (blitz)"]
[EventRounds "22"]
[EventCountry "POL"]
[SourceTitle "CBM 182 Extra"]
[Source "ChessBase"]
[SourceDate "2018.02.23"]
[SourceVersion "1"]
[SourceVersionDate "2018.02.23"]
[SourceQuality "1"]

1. Nf3 Nf6 2. c4 g6 3. d4 c5 4. d5 b5 5. cxb5 a6 6. b6 Bg7 7. Nc3 d6 8. e4 Qxb6 9. Bd3 0-0 10. 0-0 Bg4 11. a4 Nbd7 12. a5 Qb7 13. Re1 Ne5 14. Be2 Bxf3 15. Bxf3 Nxf3+ 16. Qxf3 Nd7 17. Qe2 Rfb8 18. h4 Ne5 19. h5 Qb3 20. hxg6 hxg6 21. Na4 Nc4 22. Bg5 Rb4 23. Nb6 Nxb6 24. axb6 Rxb6 25. Bxe7 Qxb2 26. Qxb2 Bxb2 27. Ra2 c4 28. Bxd6 c3 29. Be5 Re8 30. Bd4 Rb4 31. Bf6 Rb6 32. Bd4 Rb4 33. Bf6 Rb6 34. Bd4 Rb4 35. Bf6 Rb6 1/2-1/2

[Event "EU-ch blitz"]
[Site "Katowice"]
[Date "2017.12.15"]
[Round "11"]
[White "Wieczorek, Oskar"]
[Black "Montilla Carrillo, Esteban"]
[Result "1-0"]
[WhiteElo "2463"]
[BlackElo "2233"]
[PlyCount "79"]
[EventDate "2017.12.15"]
[EventType "swiss (blitz)"]
[EventRounds "22"]
[EventCountry "POL"]
[SourceTitle "CBM 182 Extra"]
[Source "ChessBase"]
[SourceDate "2018.02.23"]
[SourceVersion "1"]
[SourceVersionDate "2018.02.23"]
[SourceQuality "1"]

1. Nc3 d5 2. d4 Nf6 3. Bf4 Bf5 4. Qd2 c6 5. f3 e6 6. g4 Bg6 7. h4 h5 8. g5 Ng8 9. e3 Bd6 10. Nge2 Ne7 11. Bxd6 Qxd6 12. Nf4 Nd7 13. 0-0-0 e5 14. Nxg6 Nxg6 15. Bh3 0-0-0 16. e4 exd4 17. Qxd4 Qf4+ 18. Kb1 Kb8 19. exd5 Qxd4 20. Rxd4 c5 21. Re4 Nb6 22. f4 Nxh4 23. f5 Nf3 24. Re7 Nxg5 25. Bg2 h4 26. d6 Rd7 27. Rhe1 h3 28. Bh1 Rhd8 29. a4 a6 30. a5 Nc8 31. Rxd7 Rxd7 32. Re8 Rxd6 33. Nd5 b5 34. axb6 Kb7 35. Ne7+ Kxb6 36. Nxc8+ Kc7 37. Nxd6 Kxd6 38. Rg8 g6 39. fxg6 fxg6 40. Rxg6+ 1-0

[Event "Barcelona Sants op 19th"]
[Site "Barcelona"]
[Date "2017.08.19"]
[Round "2"]
[White "Salomon, Johan"]
[Black "Montilla Carrillo, Esteban"]
[Result "1-0"]
[WhiteElo "2488"]
[BlackElo "2228"]
[PlyCount "107"]
[EventDate "2017.08.18"]
[EventType "swiss"]
[EventRounds "10"]
[EventCountry "ESP"]
[SourceTitle "CBM 180 Extra"]
[Source "ChessBase"]
[SourceDate "2017.10.06"]
[SourceVersion "1"]
[SourceVersionDate "2017.10.06"]
[SourceQuality "1"]

1. Nf3 Nf6 2. c4 c5 3. Nc3 b6 4. d4 cxd4 5. Nxd4 Bb7 6. f3 g6 7. e4 d6 8. Be2 Bg7 9. Be3 Nbd7 10. 0-0 0-0 11. Qd2 Rc8 12. Rfd1 Re8 13. Rac1 Ne5 14. b3 a6 15. Bf1 Nfd7 16. Kh1 Nc5 17. Be2 Nc6 18. Nc2 h5 19. Nd5 a5 20. Na3 Ba6 21. Nb1 Rb8 22. Nbc3 Ne5 23. Bg5 Kh7 24. Qe1 f6 25. Be3 e6 26. Nf4 Qe7 27. Qd2 Red8 28. Rb1 Qf7 29. Nh3 Bf8 30. Rf1 Be7 31. Rbd1 Rg8 32. f4 Ng4 33. Bd4 Bb7 34. Qe1 Nh6 35. Bf3 Qe8 36. Qe2 e5 37. Bxc5 dxc5 38. f5 Ng4 39. Bxg4 hxg4 40. Qxg4 g5 41. Rd3 Rd8 42. Rxd8 Bxd8 43. Nf2 Kg7 44. Kg1 Rh8 45. Qf3 Bc6 46. a4 Be7 47. h3 Qa8 48. Ng4 Rd8 49. Nd5 Qb7 50. Nxe5 Bxd5 51. cxd5 fxe5 52. f6+ Kg8 53. Qh5 Bd6 54. f7+ 1-0

[Event "Barcelona Sants op-A18th"]
[Site "Barcelona"]
[Date "2016.08.20"]
[Round "2"]
[White "Ochsner, Bjorn Moller"]
[Black "Montilla Carrillo, Esteban"]
[Result "1-0"]
[WhiteElo "2417"]
[BlackElo "2190"]
[PlyCount "85"]
[EventDate "2016.08.19"]
[EventType "swiss"]
[EventRounds "10"]
[EventCountry "ESP"]
[SourceTitle "CBM 174 Extra"]
[Source "ChessBase"]
[SourceDate "2016.10.10"]
[SourceVersion "1"]
[SourceVersionDate "2016.10.10"]
[SourceQuality "1"]

1. e4 c5 2. Nf3 d6 3. d4 cxd4 4. Nxd4 Nf6 5. Nc3 a6 6. g3 e5 7. Nde2 b5 8. Nd5 Bb7 9. Nec3 Nbd7 10. Bg2 Nxd5 11. Nxd5 Nb6 12. Bg5 Qxg5 13. Nxb6 Rb8 14. a4 Qd8 15. Nd5 Be7 16. axb5 axb5 17. 0-0 0-0 18. Ra7 Qe8 19. c3 Bd8 20. Bh3 g6 21. Qd3 f5 22. exf5 e4 23. Qd4 gxf5 24. Ne3 Qc6 25. Nxf5 Rf6 26. Qe3 Kf8 27. Nd4 Qd5 28. Bg2 Qc5 29. b4 Qe5 30. Raa1 Bd5 31. Rfe1 Rc8 32. Bxe4 Bxe4 33. Qxe4 Qxe4 34. Rxe4 Bb6 35. Rc1 d5 36. Rf4 Rxf4 37. Ne6+ Kf7 38. Nxf4 d4 39. Ne2 d3 40. Nf4 d2 41. Rd1 Rxc3 42. Rxd2 Rc4 43. Rd7+ 1-0

[Event "Catalunya-chT Gp1 final"]
[Site "Barcelona"]
[Date "2016.04.02"]
[Round "2.2"]
[White "Ramirez Garcia, Jorge Alberto"]
[Black "Montilla Carrillo, Esteban"]
[Result "0-1"]
[WhiteElo "2220"]
[BlackElo "2204"]
[PlyCount "108"]
[EventDate "2016.03.12"]
[EventType "team-tourn"]
[EventRounds "4"]
[EventCountry "ESP"]
[SourceTitle "CBM 171 Extra"]
[Source "ChessBase"]
[SourceDate "2016.04.26"]
[SourceVersion "1"]
[SourceVersionDate "2016.04.26"]
[SourceQuality "1"]
[WhiteTeam "Barcelona Escola Escacs"]
[BlackTeam "Mollet"]
[WhiteTeamCountry "ESP"]
[BlackTeamCountry "ESP"]

1. e4 c5 2. c3 Nf6 3. e5 Nd5 4. d4 cxd4 5. cxd4 e6 6. Nc3 Nxc3 7. bxc3 Qc7 8. Bd2 d6 9. f4 Nd7 10. Nf3 b6 11. Bd3 Bb7 12. 0-0 g6 13. a4 Be7 14. Qe2 0-0 15. Rfc1 Rfd8 16. Rc2 Rac8 17. Kh1 Nb8 18. Re1 Nc6 19. exd6 Bxd6 20. Ne5 Bf8 21. Be3 Ne7 22. Qf2 Nf5 23. Bc1 Be7 24. Qe2 Bh4 25. Rd1 Bf6 26. Ba3 Bg7 27. Re1 Bd5 28. Rcc1 Bh6 29. Qf2 Bg7 30. Ba6 Bb7 31. Bd3 h5 32. Kg1 Bf6 33. Qe2 Kg7 34. Bb1 Bh4 35. g3 Bf6 36. Kf2 Be7 37. Bxe7 Qxe7 38. Bd3 Rc7 39. Nc4 Qf6 40. Ne5 Rdc8 41. Qd2 Nd6 42. c4 Nf5 43. Be4 Rd8 44. Bxf5 Qxf5 45. Qe3 f6 46. Nf3 Qg4 47. Ng1 h4 48. d5 hxg3+ 49. hxg3 Rh8 50. Qxe6 Rh2+ 51. Ke3 Qxg3+ 52. Nf3 Qf2+ 53. Ke4 Bc8 54. Qd6 Bf5# 0-1